| 000 | 00541nam a22002057a 4500 | ||
|---|---|---|---|
| 003 | KOHA_MİRAKIL | ||
| 005 | 20240930100958.0 | ||
| 008 | 240929b2015 tu ||||| |||| 00| 0 tur d | ||
| 020 | _a9786054728428 | ||
| 040 |
_aTR-AnABB _btur _cTR-AnABB |
||
| 041 | _atur | ||
| 082 |
_a650.1 _bUYG 2015 |
||
| 100 | _aUygur, Akyay. | ||
| 245 | 0 |
_aKariyer rehberi / _cAkyay Uygur. |
|
| 260 |
_aAnkara : _bBarış Kitabevi, _c2015. |
||
| 300 |
_a150 sayfa ; _c18 cm. |
||
| 650 | _aBaşarı, iş yaşamı | ||
| 650 | _aİş yaşamı | ||
| 942 |
_2ddc _cBK |
||
| 999 |
_c1323 _d1323 |
||